[Event "IND-ch (Women) 46th"]
[Site "Managiri"]
[Date "2019.07.19"]
[Round "1"]
[White "Vantika, Agrawal"]
[Black "Panda, Miracle"]
[Result "1-0"]
[WhiteElo "2243"]
[BlackElo "1605"]
[PlyCount "81"]
[EventDate "2019.07.19"]
[EventType "swiss"]
[EventRounds "11"]
[EventCountry "IND"]
[SourceTitle "EXT 2020"]
[Source "ChessBase"]
[SourceDate "2019.10.17"]
[SourceVersion "1"]
[SourceVersionDate "2019.10.17"]
[SourceQuality "1"]

1. d4 Nf6 2. c4 e6 3. g3 Bb4+ 4. Nd2 0-0 5. Bg2 d6 6. Ngf3 Nc6 7. 0-0 Bxd2 8. Qxd2 h6 9. b3 Qe7 10. Bb2 e5 11. d5 Nb8 12. Rae1 Nbd7 13. e4 Nc5 14. Nh4 a5 15. f4 Nfd7 16. Nf5 Qe8 17. Kh1 f6 18. Bc3 b6 19. Qe2 Kh7 20. Bf3 Rg8 21. Nh4 g6 22. f5 g5 23. Bh5 Qe7 24. Ng6 Qd8 25. h4 Nf8 26. Kg2 Kg7 27. hxg5 hxg5 28. Nxf8 Kxf8 29. Bg6 Bd7 30. Rh1 Be8 31. Rh7 Bxg6 32. fxg6 Rxg6 33. Qh5 Qe8 34. Rh1 Nxe4 35. Rh8+ Rg8 36. Rxg8+ Kxg8 37. Qh8+ Kf7 38. Rh7+ Kg6 39. Rg7+ Kf5 40. Qh7+ Kg4 41. Qh3# 1-0

[Event "Bhubaneswar Pillai Memorial"]
[Site "Bhubaneswar"]
[Date "2016.11.21"]
[Round "4"]
[White "Smaraki, Mohanty"]
[Black "Panda, Miracle"]
[Result "1-0"]
[WhiteElo "1936"]
[BlackElo "1328"]
[PlyCount "71"]
[EventDate "2016.11.20"]
[EventType "swiss"]
[EventRounds "11"]
[EventCountry "IND"]
[SourceTitle "CBM 175 Extra"]
[Source "ChessBase"]
[SourceDate "2016.12.12"]
[SourceVersion "1"]
[SourceVersionDate "2016.12.12"]
[SourceQuality "1"]

1. c4 e5 2. Nc3 Nf6 3. g3 g6 4. Bg2 Bg7 5. e3 d6 6. d4 Nc6 7. Nge2 Bf5 8. d5 Ne7 9. e4 Bd7 10. f4 0-0 11. 0-0 Qc8 12. fxe5 Ng4 13. Bg5 Re8 14. e6 fxe6 15. Nd4 Ne5 16. dxe6 Bxe6 17. Nd5 Nxd5 18. cxd5 Bh3 19. Bxh3 Qxh3 20. Ne6 Ng4 21. Qd2 Be5 22. Qg2 Qh5 23. h4 h6 24. Bd2 g5 25. Rf5 Rac8 26. hxg5 Qg6 27. gxh6 Bf6 28. Qh3 Bd4+ 29. Kg2 c6 30. Nf4 Nf2 31. Nxg6 Nxh3 32. Kxh3 Rxe4 33. Bg5 Rce8 34. Raf1 Bxb2 35. Rf7 cxd5 36. h7# 1-0